00691nam a2200193Ia 4500952014900000999001700149003000400166005001700170008004100187020001500228040000900243082002200252100002300274245006700297260003700364300000900401650003600410942005100446 00102ddc40708GENERAL COLLECTIONSaMESbMEScGENd2019-02-20g1160.00l0o001.642071 GRI/Tp24747r2019-02-20 00:00:00w2019-02-20yREFzU4R2 c36592d36592OSt20201209100456.0190216s9999||||xx |||||||||||||| ||und|| a0444876642 coclc a001.642071bGRI/T aGriffiths, M97308 4aThe Role Of Programming In Teaching Informatics /cM Griffiths bNorth Holland, c1985.aNewyork: a211p aRole Of Progarmming In Teaching cREF2ddch001.642071iGRI/Tk001.642071mGRI/T